[Event "HUN-chT2 Breyer 0203"]
[Site "Hungary"]
[Date "2002.12.08"]
[Round "4"]
[White "Meszaros, Roland"]
[Black "Suranyi, Pal"]
[Result "0-1"]
[WhiteElo "1527"]
[BlackElo "1807"]
[PlyCount "92"]
[EventDate "2002.09.22"]
[EventType "team"]
[EventRounds "11"]
[EventCountry "HUN"]
[SourceTitle "EXT 2009"]
[Source "ChessBase"]
[SourceDate "2008.11.26"]
[SourceVersion "1"]
[SourceVersionDate "2008.11.26"]
[SourceQuality "1"]

1. e4 c5 2. Nf3 e6 3. c4 a6 4. Nc3 Qc7 5. d3 Nc6 6. Be3 b6 7. a3 Bb7 8. g3 d6 9. Bg2 Nf6 10. Qd2 Be7 11. 0-0 0-0 12. Bh3 Rfd8 13. b3 d5 14. exd5 exd5 15. Bg2 d4 16. Bf4 dxc3 17. Bxc7 cxd2 18. Bxd8 Rxd8 19. Nxd2 Rxd3 20. Rfd1 Nd8 21. Rab1 Bxg2 22. Kxg2 Nc6 23. Nf3 Rc3 24. Re1 Kf8 25. Re3 Rxe3 26. fxe3 Ng4 27. Re1 Nge5 28. Rd1 Nxf3 29. Kxf3 Ke8 30. h3 Ne5+ 31. Ke4 f6 32. g4 Nf7 33. h4 Bd6 34. Rg1 Kd7 35. g5 fxg5 36. hxg5 g6 37. Kd5 Be7 38. e4 Nxg5 39. e5 Ne6 40. Rf1 Nc7+ 41. Ke4 Ke6 42. Rf4 g5 43. Rf5 Ne8 44. Rf2 h5 45. Re2 Ng7 46. Kf3 Nf5 0-1